Computers in Medicine progress in Medical Informatics (Record no. 190604)

MARC details
000 -LEADER
fixed length control field 00497nam a2200193Ia 4500
008 - FIXED-LENGTH DATA ELEMENTS--GENERAL INFORMATION
fixed length control field 240823s9999||||xx |||||||||||||| ||und||
020 ## - INTERNATIONAL STANDARD BOOK NUMBER
International Standard Book Number 978-0-07-058535-5
082 ## - DEWEY DECIMAL CLASSIFICATION NUMBER
-- 004 P5
100 ## - MAIN ENTRY--PERSONAL NAME
Personal name Lele R D
245 #0 - TITLE STATEMENT
Title Computers in Medicine progress in Medical Informatics
250 ## - EDITION STATEMENT
Edition statement 1st
260 ## - PUBLICATION, DISTRIBUTION, ETC. (IMPRINT)
Date of publication, distribution, etc 2009
Name of publisher, distributor, etc "Tata Mcgraw Hill,New "
500 ## - GENERAL NOTE
General note YES
650 ## - SUBJECT ADDED ENTRY--TOPICAL TERM
Topical term or geographic name as entry element Computers in Medicine
942 ## - ADDED ENTRY ELEMENTS (KOHA)
Item type Books
Holdings
Withdrawn status Lost status Damaged status Permanent location Current location Date acquired Source of acquisition Cost, normal purchase price Full call number Barcode Date last seen Koha item type
      CENTRAL LIBRARY, NOORUL ISLAM CENTRE FOR HIGHER EDUCATION CENTRAL LIBRARY, NOORUL ISLAM CENTRE FOR HIGHER EDUCATION 02/09/2012 Tamil Nadu Book House 550.00 004 P5 42808 08/23/2024 Books
Visitors:
Copyright © 2024 Central Library NICHE.  All rights reserved.